000 00810nam a2200229 a 4500
001 000028969
005 20240521193438.0
008 110412s20102012dr 001 0 spa d
020 _a9789945864816
040 _aDO-SdBNP
_bspa
_cBNPHU
082 _a342.7293
_bJ82d, 2010
100 1 _aJorge Prats, Eduardo
_917747
245 1 0 _aDerecho constitucional /
_cEduardo Jorge Prats.
260 _aSanto Domingo :
_bIUS NOVUM,
_c2010-2012.
300 _a2v. ;
_c25 cm.
500 _aIncluye datos biográficos del autor en la solapa de la contracubierta
504 _aIncluye bibliografía al final de los capitulos
590 _aInventariado, 2018/ YL
650 0 _aDerecho constitucional
_910314
651 4 _aRepública Dominicana
_xDerecho Constitucional
_99303
910 _aValidado. Control de calidad EMS
999 _c28461
_d28461